[Event "Kaupthing Open-A"]
[Site "Differdange"]
[Date "2007.07.10"]
[Round "5.33"]
[White "Boos, Markus"]
[Black "Ristic, Alexandre"]
[Result "0-1"]
[WhiteElo "2216"]
[BlackElo "2094"]
[PlyCount "96"]
[EventDate "2007.07.10"]

1. Nf3 f5 2. g3 Nf6 3. Bg2 d6 4. d4 g6 5. O-O Bg7 6. b4 O-O 7. Bb2 f4 8. c4 Nh5
9. Qb3 e6 10. Nc3 g5 11. g4 Nf6 12. Nxg5 Nxg4 13. Nce4 h6 14. Nf3 Qe8 15. c5 d5
16. Ned2 Nc6 17. b5 Ne7 18. e4 fxe3 19. fxe3 Nf5 20. Rae1 Qh5 21. Qd3 a6 22. e4
dxe4 23. Rxe4 axb5 24. Qxb5 Nd6 25. Qb3 Nxe4 26. Nxe4 Qd5 27. Qd3 Qd8 28. h3
Nf6 29. Ng3 Rxa2 30. Qb1 Ra6 31. Ne5 b6 32. Qg6 Qe8 33. Rxf6 Qxg6 34. Rxf8+
Bxf8 35. Nxg6 Ra2 36. Nxf8 Kxf8 37. Bc3 Rc2 38. Be1 Ba6 39. Be4 Rb2 40. Bf2 b5
41. Be3 b4 42. Bxh6+ Kf7 43. Bf4 b3 44. Bxc7 Rd2 45. Be5 b2 46. d5 exd5 47.
Bxd5+ Rxd5 48. Bxb2 Rd1+ 0-1

[Event "Kaupthing Open-A"]
[Site "Differdange"]
[Date "2007.07.10"]
[Round "5.34"]
[White "Christen, Pierre"]
[Black "Penzel, Frank"]
[Result "1/2-1/2"]
[WhiteElo "2060"]
[BlackElo "2210"]
[PlyCount "94"]
[EventDate "2007.07.10"]

1. Nf3 Nf6 2. c4 g6 3. b4 Bg7 4. Bb2 O-O 5. g3 b6 6. Bg2 Bb7 7. O-O d6 8. d3 e5
9. Nbd2 Ng4 10. e4 Qe7 11. a4 c5 12. b5 a5 13. bxa6 Rxa6 14. Ne1 f5 15. Nc2 Bc6
16. h3 Nf6 17. Ne3 f4 18. Nd5 Nxd5 19. exd5 Bd7 20. Ne4 f3 21. Bxf3 Bxh3 22.
Bg2 Bxg2 23. Kxg2 Nd7 24. Bc1 Nf6 25. Bg5 Qd7 26. Bxf6 Bxf6 27. Qb3 Be7 28. Qb5
Qa7 29. Rfb1 Ra8 30. Qc6 b5 31. Qxb5 Rxa4 32. Qxa4 Qxa4 33. Rxa4 Rxa4 34. Rb6
Ra3 35. Nxd6 Rxd3 36. Rb8+ Kg7 37. Rb7 Kf8 38. Ne4 Rd4 39. Kf3 h5 40. Rc7 Ke8
41. Nxc5 Rxc4 42. Ne6 e4+ 43. Ke2 Rxc7 44. Nxc7+ Kd7 45. Ne6 Kd6 46. Nf4 g5 47.
Nxh5 Kxd5 1/2-1/2

[Event "Kaupthing Open-A"]
[Site "Differdange"]
[Date "2007.07.10"]
[Round "5.35"]
[White "Mertens, Marc"]
[Black "Steil-Antoni, Fiona"]
[Result "0-1"]
[WhiteElo "2207"]
[BlackElo "2065"]
[PlyCount "122"]
[EventDate "2007.07.10"]

1. e4 e5 2. Nf3 Nc6 3. Bb5 a6 4. Ba4 Nf6 5. d3 d6 6. c3 Be7 7. h3 O-O 8. Qe2 b5
9. Bc2 Re8 10. O-O h6 11. Nbd2 Bf8 12. a4 Bb7 13. Rd1 Qd7 14. Nf1 Ne7 15. d4
Ng6 16. dxe5 Nxe5 17. Nxe5 Rxe5 18. Bf4 Ree8 19. f3 Bc6 20. axb5 axb5 21. Qd2
Qc8 22. Ne3 Nd7 23. Nd5 Ne5 24. Bb3 Bxd5 25. Bxd5 c6 26. Bb3 Qb7 27. Rxa8 Qxa8
28. Qd4 Qb7 29. Ra1 c5 30. Qf2 c4 31. Bc2 Ra8 32. Rd1 Kh8 33. Be3 Ra2 34. Bb1
Ra1 35. f4 Nd3 36. Qd2 Qxe4 37. b3 d5 38. Kh2 f5 39. bxc4 bxc4 40. Rf1 Ra3 41.
Rd1 Bd6 42. Bxd3 cxd3 43. Qxd3 Bxf4+ 44. Bxf4 Qxf4+ 45. Kg1 Kh7 46. Rf1 Qe4 47.
Qxe4 fxe4 48. Rf5 Ra5 49. c4 Ra1+ 50. Kf2 dxc4 51. Rc5 Ra2+ 52. Kg3 Rc2 53. Rc6
c3 54. Kf4 e3 55. Kf3 Rf2+ 56. Kxe3 Rxg2 57. Kf3 Rh2 58. Kg3 Rc2 59. h4 Rc1 60.
Kg2 c2 61. h5 Ra1 0-1

[Event "Kaupthing Open-A"]
[Site "Differdange"]
[Date "2007.07.10"]
[Round "5.36"]
[White "Smokina, Karolina"]
[Black "Wagner, Steven"]
[Result "1-0"]
[WhiteElo "2205"]
[BlackElo "2120"]
[PlyCount "89"]
[EventDate "2007.07.10"]

1. d4 d5 2. c4 e5 3. dxe5 d4 4. Nf3 Nc6 5. a3 Bg4 6. Nbd2 Nge7 7. h3 Be6 8. Nb3
Bxc4 9. Nbxd4 Nxd4 10. Qxd4 Qxd4 11. Nxd4 Ng6 12. f4 O-O-O 13. e3 Bd5 14. Bd2
Be4 15. Nb5 Nh4 16. Rg1 a6 17. Nc3 Bc6 18. b4 Be7 19. e4 g5 20. f5 f6 21. Be2
fxe5 22. g3 Nxf5 23. exf5 e4 24. Be3 Kb8 25. g4 Bf6 26. Rc1 h6 27. Kf2 Rhf8 28.
Rgd1 Rde8 29. Rd2 Be5 30. Nd1 Rf6 31. Nb2 b5 32. Nd1 Kb7 33. Nc3 Rf7 34. Bd1
Rh7 35. Ne2 h5 36. Nd4 Bd7 37. Nb3 hxg4 38. Bxg4 Bxf5 39. Nc5+ Ka8 40. Bxf5 Rf8
41. Kg2 Rxf5 42. Rd8+ Ka7 43. Nxe4+ c5 44. Nxc5 Bf4 45. Nd7+ 1-0

[Event "Kaupthing Open-A"]
[Site "Differdange"]
[Date "2007.07.10"]
[Round "5.38"]
[White "Linster, Philippe"]
[Black "Bednarich, Jan"]
[Result "1-0"]
[WhiteElo "2053"]
[BlackElo "2279"]
[PlyCount "99"]
[EventDate "2007.07.10"]

1. c4 e5 2. Nc3 Bb4 3. Nd5 Ba5 4. b4 c6 5. bxa5 cxd5 6. Bb2 d6 7. cxd5 Qxa5 8.
e4 Nf6 9. Qc2 Na6 10. Bc3 Qc7 11. Bxa6 bxa6 12. Ne2 O-O 13. O-O Bd7 14. Rfc1
Ne8 15. d4 f6 16. Qd2 Qd8 17. Rab1 Bb5 18. Ba5 Qd7 19. Nc3 f5 20. Rb4 fxe4 21.
dxe5 dxe5 22. Nxe4 Nf6 23. Nxf6+ Rxf6 24. a4 Bc6 25. Rbc4 Bxd5 26. Rd1 Rd6 27.
Rc5 Rc8 28. Bb4 Rd8 29. Rc3 Bb3 30. Bxd6 Bxd1 31. Qd5+ Qf7 32. Qxd1 Qe6 33. Rd3
e4 34. Rd2 e3 35. fxe3 Qxe3+ 36. Kh1 h6 37. Bf4 Rxd2 38. Qxd2 Qb3 39. a5 Kf7
40. h3 Qc4 41. Qf2 Ke6 42. Kh2 Kd5 43. Bg3 Qc8 44. Qxa7 g5 45. Qb6 h5 46. Qd6+
Kc4 47. Qc7+ Qxc7 48. Bxc7 Kd3 49. g4 hxg4 50. hxg4 1-0

[Event "Kaupthing Open-A"]
[Site "Differdange"]
[Date "2007.07.10"]
[Round "5.39"]
[White "Funke, Reinhard"]
[Black "Beukema, Stefan"]
[Result "1/2-1/2"]
[WhiteElo "2236"]
[BlackElo "1994"]
[PlyCount "78"]
[EventDate "2007.07.10"]

1. d4 f5 2. c4 g6 3. g3 Bg7 4. Bg2 Nf6 5. Nc3 O-O 6. Qc2 d6 7. Nf3 Qe8 8. O-O
c6 9. b3 d5 10. Ba3 Qd8 11. Rac1 Re8 12. cxd5 cxd5 13. Ne5 Nc6 14. Rfd1 Be6 15.
e3 Rc8 16. Qb2 a6 17. Na4 Nxe5 18. dxe5 Ng4 19. Rxc8 Qxc8 20. Nb6 Qc7 21. Nxd5
Bxd5 22. Rxd5 Nxe5 23. Qd2 Bf6 24. f4 Nc6 25. Rd7 Qb6 26. b4 e6 27. Kf2 Rd8 28.
Bxc6 bxc6 29. Qd6 Rxd7 30. Qxd7 Qd8 31. Qxe6+ Kg7 32. Bc1 Qd3 33. Qxc6 Bc3 34.
Qa4 Bd2 35. Qa3 Bxe3+ 36. Ke1 Bd2+ 37. Kf2 Be3+ 38. Ke1 Bd2+ 39. Kf2 Be3+
1/2-1/2

[Event "Kaupthing Open-A"]
[Site "Differdange"]
[Date "2007.07.10"]
[Round "5.40"]
[White "Musholt, Joachim Dr"]
[Black "Boettger, Lukas"]
[Result "0-1"]
[WhiteElo "1942"]
[BlackElo "2109"]
[PlyCount "35"]
[EventDate "2007.07.10"]

1. e4 c5 2. Nf3 d6 3. d4 cxd4 4. Nxd4 Nf6 5. Nc3 a6 6. Be2 e6 7. g4 b5 8. g5
Nfd7 9. Rg1 Bb7 10. Bf3 Qc7 11. Qe2 Nc6 12. Nxc6 Bxc6 13. Bf4 Ne5 14. Bxe5 dxe5
15. O-O-O Be7 16. h4 O-O 17. Nd5 exd5 18. exd5 0-1

[Event "Kaupthing Open-A"]
[Site "Differdange"]
[Date "2007.07.10"]
[Round "5.42"]
[White "Haerri, Adrian"]
[Black "Risch, Michel"]
[Result "1/2-1/2"]
[WhiteElo "2000"]
[BlackElo "2030"]
[PlyCount "47"]
[EventDate "2007.07.10"]

1. d4 d5 2. c4 c6 3. Nf3 Nf6 4. Nc3 e6 5. Bg5 dxc4 6. e4 b5 7. e5 h6 8. Bh4 g5
9. Nxg5 hxg5 10. Bxg5 Nbd7 11. exf6 Bb7 12. Be2 c5 13. O-O Rg8 14. h4 b4 15. d5
Qb6 16. dxe6 Qxe6 17. Bg4 Qc6 18. Re1+ Kd8 19. Qxd7+ Qxd7 20. Bxd7 bxc3 21. Bf5
cxb2 22. Rad1+ Kc7 23. Re3 Bd6 24. Rc3 1/2-1/2

[Event "Kaupthing Open-A"]
[Site "Differdange"]
[Date "2007.07.10"]
[Round "5.43"]
[White "Priewasser, Joerg"]
[Black "Bishop, Peter"]
[Result "1-0"]
[WhiteElo "2022"]
[BlackElo "1853"]
[PlyCount "49"]
[EventDate "2007.07.10"]

1. c4 e5 2. Nc3 Nf6 3. g3 d5 4. cxd5 Nxd5 5. Bg2 c6 6. Qb3 Be7 7. Nxd5 cxd5 8.
Bxd5 O-O 9. Bxb7 Bxb7 10. Qxb7 Nd7 11. Nf3 Nc5 12. Qb5 h6 13. Qc4 Rc8 14. Nxe5
Qc7 15. d4 Bf6 16. Nf3 Qe7 17. dxc5 Rxc5 18. Qa6 Rfc8 19. O-O h5 20. Be3 R5c6
21. Qb5 h4 22. Rac1 Rxc1 23. Rxc1 Rd8 24. Bg5 hxg3 25. hxg3 1-0